|
|
|
|
| LEADER |
00000nab a2200000 a 4500 |
| 001 |
vtls008185243 |
| 003 |
SK-MaSNL |
| 005 |
20260303080347.0 |
| 008 |
160322c20050624xo dr|p|||||||000 b|slo |
| 015 |
|
|
|a SNBRB2005/07
|2 snkbucl
|
| 038 |
|
|
|a SNKBUCL
|
| 040 |
|
|
|a SNKBUCL
|b slo
|c SNKBUCL
|e AACR2
|
| 041 |
0 |
|
|a slo
|
| 044 |
|
|
|a xo
|c SK
|
| 080 |
|
|
|a 796.332.071
|2 UDC-MRF-SK2
|
| 100 |
1 |
|
|a Kikuš, Vladimír
|4 ivr
|9 207400
|
| 245 |
1 |
0 |
|a Zo štadióna ich vyhnala Anastacia ...
|b stredopoliar Miroslav Karhan dal prvý gól Wolfsburgu v Intertote, na víťazstvo nad Sturmom Graz však nestačil
|c [zhováral sa] Vladimír Kikuš
|
| 300 |
|
|
|b Fotogr.
|
| 600 |
1 |
7 |
|a Karhan, Miroslav,
|d 1976-
|2 snkbucl
|9 612605
|
| 650 |
0 |
7 |
|a futbal
|2 snkbucl
|9 3291
|
| 700 |
1 |
|
|a Karhan, Miroslav,
|d 1976-
|4 ive
|9 612605
|
| 773 |
0 |
|
|t Šport
|g Roč. 59, č. 154 (4.7.2005), s. 6
|x 0139-7001
|
| 852 |
|
|
|a SNK
|b KIS3GCP
|
| 958 |
|
|
|a BX
|
| 999 |
|
|
|c 1780113
|d 1782043
|